02000 a2200217 45000010006000000050017000060080041000230030015000640400040000790800046001192450032001650200018001972640034002153000019002495051391002681000023016597000021016827000029017037000025017327000025017573852720260407155648.0260407a1979 arg spa dAR-UNSa-BCEJYS aAR-UNSa-BCEJYSbspacAR-UNSa-BCEJYS a658.8.012.12xInvestigación de mercados10aInvestigación de mercados a968-451-169-8 1aMéxico :bMcGraw-Hillc1979 a740 p.c23 cm. a1. Naturaleza y papel que desempeñe a la investigación de mercado - 2. Sistema de investigación de mercado - 3. Ejemplo de investigación de mercado - 4. El negocio de la investigación de mercado - 5. La decisión para llevar a cabo la investigación - 6. Modelo de investigación y fuentes de información - 7. Información secundaria - 8. Fundamentos del muestreo - 9. Muestreo aleatorio simple - 10. Procedimientos más complejos de muestreo - 11. Aspectos prácticos de muestreo: error no muestreal y tamaño de la muestra - 12. El proceso de la medición - 13. Medición de actitudes - 14. Principios de experimentación y cuasi-experimentación: la búsqueda de la causalidad - 15. Fundamentos del diseño de experimentos - 16. Experimentos de diseño mas complejo - 17. Mercadeo de prueba - 18. Métodos de recopilación de información - 19. Diseño de formas para la recolección de información - 20. Operaciones de campo - 21. Procesamiento de la información - 22. Análisis de información univariada - 23. Análisis de información bivariada - 24. Informe sobre los hallazgos de la investigación - 25. Análisis de información multivariado: Métodos de interdependencia - 26. Análisis de información multivariado:II Métodos de dependencia - 27. Un enfoque de la teoría de la decisión sobre la investigación de mercados.1 aKinnear, Thomas C.1 aTaylor, James R.1 aCiardell Fadul, Giovanny1 aKresge, Sebastian S.1 aFerro, Alvaro Franco